Hospodárske zmluvy

Na minha lista:
Detalhes bibliográficos
Autor principal: Suchoža, Jozef
Formato: Livro
Idioma:eslovaco
Publicado em: Bratislava Obzor 1985
Edição:1. vyd.
Tags: Adicionar Tag
Sem tags, seja o primeiro a adicionar uma tag!

MARC

LEADER 00000nam a2200000 4500
001 c024951
005 20221220081819.1
041 0 |a slo 
044 |a SK 
245 1 0 |a Hospodárske zmluvy  |c Jozef Suchoža 
250 |a 1. vyd. 
264 1 |a Bratislava  |b Obzor  |c 1985 
300 |a 308 s. 
100 1 |a Suchoža, Jozef